00269nam a2200109 a 450000500170000000800410001705000180005824500320007626000330010830000090014144000090015020140513081053.0090910s19uu xx 00 eng d aKitbWIN 1995 aWinnie the pooh Sing along. aU.S.A :bWalt Disney,c1995. a22p. aPooh